| 000 | 00961nam a22002897a 4500 | ||
|---|---|---|---|
| 003 | CHAP | ||
| 005 | 20220329135628.0 | ||
| 008 | 971013s1977 r 00010 d | ||
| 010 | _a39588 | ||
| 011 | _a40560 | ||
| 035 | _a44686 | ||
| 040 | _cCHAP | ||
| 082 |
_a551.49 _bE83 |
||
| 110 |
_aE.U.A. Bureau of Reclamation _934862 |
||
| 245 | _aGround water manual | ||
| 260 |
_aWashington : _bBureau of Reclamation, _c1977 |
||
| 300 |
_a480 p. _b: ilus. ; gráfs. |
||
| 590 |
_aBATCH-UPD _b10 _c20130110 _lUCH01 _h2104 |
||
| 590 |
_aBATCH-UPD _b10 _c20130410 _lUCH01 _h1416 |
||
| 590 |
_aCONVERSION _b10 _c20130109 _lUCH01 _h1322 |
||
| 650 | 1 | 4 |
_aAgua subterranea. _92456 |
| 901 | _aBK | ||
| 942 | _cLIBRO | ||
| 949 |
_a551.49 E83 _bBC _cLIBRO _d33724000468435 _eLIBRO _h51221 _i44686 _si |
||
| 949 |
_a551.49 E83 _bBC _cLIBRO _d33724000468443 _eLIBRO _fc.3 _gI. 123855 _h69018 _i44686 _si _t98.70 |
||
| 949 |
_a551.49 E83 _bBC _cLIBRO _d33724000468450 _eLIBRO _fc.2 _h51222 _i44686 _si |
||
| 999 |
_c39588 _d39588 |
||